| 000 | 00796nam a2200229 4500 | ||
|---|---|---|---|
| 001 | 112927 | ||
| 003 | ES-MaACL | ||
| 005 | 20230906185713.0 | ||
| 007 | t| | ||
| 008 | 061121s1962 sp r ||||1| spa d | ||
| 110 | 2 |
_aMovimiento Nacional (España). _bDelegación Nacional de Prensa, Propaganda y Radio. _95783 |
|
| 245 | 1 | 0 | _aNueva ordenación bancaria. |
| 260 |
_aMadrid : _bEdiciones del Movimiento, _c1962. |
||
| 300 |
_a43 p. ; _c22 cm. |
||
| 490 | 1 | _aNuevo horizonte | |
| 594 | _aIncluye: "Proyecto de ley de ordenación bancaria. Anejo documental al trabajo. Nueva ordenación bancaria" | ||
| 650 | 4 |
_aBancos- _zEspaña- _yS.XX. _9167658 |
|
| 710 | 2 |
_aEdiciones del Movimiento. _9171800 |
|
| 830 | 1 |
_aNuevo horizonte _9181183 |
|
| 852 |
_aES-MaACL _j2035-F-25 |
||
| 999 |
_c112927 _d112927 |
||